000 00636nam a2200229Ia 4500
003 OSt
005 20221006164633.0
006 a|||||r|||| 00| 0
007 ta
008 221006b |||||||| |||| 00| 0 hin d
024 _a6,107
037 _cTextual
040 _aFML
_cFML
_bhin
041 _2hin
_ahin
082 _aNR44,25, P2.3 -; 3
100 _aSrivastawa Girish Chandra Au.
245 0 _aTaal Parichaya Bhaag - 3
260 _aAllahabad
_bRubi Prakashan India
_c2002
300 _a336
_ccm.
942 _hNR44,25, P2.3 -; 3
_cTEXL
_2CC
999 _c1117933
_d1117933